| 000 | 00324nam a22001337a 4500 | ||
|---|---|---|---|
| 999 |
_c532742 _d532742 |
||
| 003 | NUST | ||
| 038 | _awaseem | ||
| 082 |
_a199.5491 _bBAS |
||
| 100 |
_aBashir, Muhammad _926319 |
||
| 245 |
_aPotential & Identity / _cMuhammad Bashir |
||
| 260 |
_aIslamabad : _bThe Army press, _c2019. |
||
| 300 | _a259 p. ; | ||
| 942 |
_2ddc _cBK |
||